00823cam a2200241 a 4500003000900000005001700009008004100026020001700067020001400084040002300098082001500121245009700136250001300233260004400246300003700290500006300327504005100390526000900441650003100450650004000481650002800521700003200549BD-DhUIB20210322105749.0060727s2008 maua b 001 0 eng  a978935134296 a935134296 aDLCcDLCdBD-DhUIB00a658.4522210aBusiness communication :bconnecting in a digital world /cby Raymond V. Lesikar...[at al.]. a13th ed. aNew Delhi :bMcGraw-Hill/Irwin,cc2015. axxxvii, 772 p. :bill. ;c24 cm. aRev. ed. of: Basic business communication. 10th ed. c2005. aIncludes bibliographical references and index. aBBA. 0aCommercial correspondence. 0aEnglish languagexBusiness English. 0aBusiness communication.1 a( Late) Lesikar, Raymond V.